| 000 | 00450pab a2200145 454500 | ||
|---|---|---|---|
| 008 | 180718b1987 xxu||||| |||| 00| 0 eng d | ||
| 100 | _aRati Ram | ||
| 245 |
_aExports and economic growth in developing countries _bEvidence from time - series and cross - section data |
||
| 260 | _c1987 | ||
| 300 | _a51-72 | ||
| 362 | _aOct. | ||
| 650 | _aForeign Commerce - Underdeveloped Areas | ||
| 773 | _aEconomic Development and Cultural Change | ||
| 909 | _a8738 | ||
| 999 |
_c8738 _d8738 |
||